000
00430nam a2200133Ia 4500
008
100328s9999 xx 000 0 und d
082
_b
46040
100
_a
यादवाडकर प्रकाश
245
_a
मंत्रयुद्ध.
260
_b
मेहता पब्लिशिंग हाऊस
630
_a
मंत्रयुद्ध.
730
_a
मंत्रयुद्ध.
942
_c
BOOK
999
_c
534085
_d
534082